Medzinárodný hodnotiaci systém EDUNIVERSAL

Popis medzinárodného hodnotiaceho systému EES. Metodika výberu najlepších svetových obchodných vysokých škôl.

Guardado en:
Detalles Bibliográficos
Autor principal: Hollý, Tomáš
Otros Autores: Plavčanová, Veronika
Formato: Capítulo de libro
Lenguaje:eslovaco
Materias:
Etiquetas: Agregar Etiqueta
Sin Etiquetas, Sea el primero en etiquetar este registro!

MARC

LEADER 00000naa a2200000 4500
001 0160428
005 20231010125657.0
041 0 |a slo 
044 |a SK 
245 1 0 |a Medzinárodný hodnotiaci systém EDUNIVERSAL  |c Tomáš Hollý, Veronika Plavčanová 
520 |a Popis medzinárodného hodnotiaceho systému EES. Metodika výberu najlepších svetových obchodných vysokých škôl. 
610 2 0 |a školy vysoké 
610 2 0 |a porovnanie medzinárodné 
610 2 0 |a kvalita vzdelávania 
100 1 |a Hollý, Tomáš 
700 1 |a Plavčanová, Veronika